| 000 | 01102cad a22002415a 4500 | ||
|---|---|---|---|
| 001 | L147716 | ||
| 008 | 090608s2009 xxkad f s 000 0 eng d | ||
| 035 | _a(Sirsi) u147716 | ||
| 041 | 0 | _aeng | |
| 050 | 0 | 4 | _a333.32 $2 18 |
| 110 | 2 |
_aInvestment Property Databank _92288 |
|
| 245 | 0 | 0 |
_aIPD Global Property Index _bresults for the year ending 31 December 2008 _h[electronic resource] |
| 260 |
_aLondon _bIPD _c2009 |
||
| 490 | 0 |
_aIPD Global Property Index _vresults for the year ending 31 December 2008 |
|
| 520 | _aPresents the total returns to direct property investments across the globe in 2008. Reports that in 2008 the property total returns across world real estate markets were significantly lower than those in 2007, falling from 16.0%, to -10.1%. | ||
| 521 | _aAdvanced | ||
| 590 | _aKA NTK | ||
| 650 | 2 | 4 | _aIPD GLOBAL PROPERTY INDEX |
| 651 | 4 | _aInternational | |
| 690 | _aPROPERTY-COMMERCIAL PROPERTY-COMMERCIAL PROPERTY MARKET | ||
| 856 | 4 | 0 |
_uhttps://www.ipd.com/OurProducts/Indices/Global/tabid/936/Default.aspx _zView the item free of charge at www.ipdglobal.com... |
| 942 | _n0 | ||
| 999 |
_c109701 _d109701 |
||